[Event "World Chess Olympiad 2018"]
[Site "Batumi"]
[Date "2018.09.28"]
[Round "5"]
[Board "2"]
[WhiteFideId "13801163"]
[White "Taalaibekov Tagir"]
[BlackFideId "13611216"]
[Black "Petriashvili Nikoloz"]
[Result "1/2-1/2"]
[LiveChessVersion "1.4.8"]
[BlackElo "2343"]
[WhiteElo "2291"]

1. d4 {[%clk 1:30:57]} d5 {[%clk 1:30:33]} 2. Nf3 {[%clk 1:31:21]} Nf6
{[%clk 1:30:43]} 3. c4 {[%clk 1:31:45]} c6 {[%clk 1:31:07]} 4. e3
{[%clk 1:32:08]} Bg4 {[%clk 1:31:26]} 5. Qb3 {[%clk 1:31:32]} Qb6
{[%clk 1:31:35]} 6. Nbd2 {[%clk 1:30:28]} e6 {[%clk 1:29:28]} 7. h3
{[%clk 1:30:05]} Bxf3 {[%clk 1:28:39]} 8. Nxf3 {[%clk 1:28:39]} Bb4+
{[%clk 1:26:54]} 9. Bd2 {[%clk 1:28:00]} Bxd2+ {[%clk 1:27:16]} 10. Nxd2
{[%clk 1:28:17]} Nbd7 {[%clk 1:25:44]} 11. cxd5 {[%clk 1:27:34]} Qxb3
{[%clk 1:22:54]} 12. Nxb3 {[%clk 1:26:20]} cxd5 {[%clk 1:22:09]} 13. Rc1
{[%clk 1:26:00]} Ke7 {[%clk 1:21:29]} 14. Bd3 {[%clk 1:25:07]} Rhc8
{[%clk 1:19:06]} 15. Kd2 {[%clk 1:25:33]} Ne8 {[%clk 1:17:08]} 16. Nc5
{[%clk 1:14:23]} Nd6 {[%clk 1:15:33]} 17. b3 {[%clk 1:13:33]} b6 {[%clk 1:06:33]}
18. Na4 {[%clk 1:09:34]} Rxc1 {[%clk 1:00:41]} 19. Rxc1 {[%clk 1:09:54]} Rc8
{[%clk 1:01:04]} 20. Rg1 {[%clk 1:00:39]} h5 {[%clk 0:47:14]} 21. Nc3
{[%clk 0:57:32]} g5 {[%clk 0:44:39]} 22. Ba6 {[%clk 0:56:38]} Rg8
{[%clk 0:43:58]} 23. Be2 {[%clk 0:55:49]} Nf6 {[%clk 0:42:53]} 24. f3
{[%clk 0:54:31]} g4 {[%clk 0:40:22]} 25. hxg4 {[%clk 0:53:56]} hxg4
{[%clk 0:40:50]} 26. Rf1 {[%clk 0:46:57]} Nh5 {[%clk 0:28:28]} 27. Rc1
{[%clk 0:40:05]} gxf3 {[%clk 0:28:51]} 28. gxf3 {[%clk 0:40:16]} Rg2
{[%clk 0:28:32]} 29. Kd3 {[%clk 0:36:21]} Ng3 {[%clk 0:28:08]} 30. e4
{[%clk 0:23:01]} dxe4+ {[%clk 0:19:40]} 31. fxe4 {[%clk 0:23:30]} f5
{[%clk 0:17:40]} 32. Bf3 {[%clk 0:17:17]} Rh2 {[%clk 0:10:53]} 33. e5
{[%clk 0:14:50]} Nde4 {[%clk 0:11:17]} 34. Bxe4 {[%clk 0:13:31]} Nxe4
{[%clk 0:11:32]} 35. Nxe4 {[%clk 0:10:41]} fxe4+ {[%clk 0:11:54]} 36. Kxe4
{[%clk 0:11:09]} Rxa2 {[%clk 0:05:45]} 37. Rc7+ {[%clk 0:11:35]} Kd8
{[%clk 0:06:02]} 38. Rb7 {[%clk 0:12:01]} Rb2 {[%clk 0:04:52]} 39. Rxa7
{[%clk 0:05:32]} Rxb3 {[%clk 0:05:17]} 40. Rb7 {[%clk 0:36:00]} Rb1
{[%clk 0:33:33]} 41. Kf4 {[%clk 0:35:08]} Rd1 {[%clk 0:27:24]} 42. Kg5
{[%clk 0:31:40]} Rxd4 {[%clk 0:24:51]} 43. Kf6 {[%clk 0:27:00]} Rh4
{[%clk 0:20:24]} 44. Rxb6 {[%clk 0:20:49]} Rh6+ {[%clk 0:20:36]} 45. Kf7
{[%clk 0:20:24]} Rh7+ {[%clk 0:20:39]} 46. Kg6 {[%clk 0:18:20]} Rh1
{[%clk 0:20:59]} 47. Rxe6 {[%clk 0:18:24]} Kd7 {[%clk 0:21:17]} 48. Rf6
{[%clk 0:13:16]} Ke7 {[%clk 0:21:41]} 49. Ra6 {[%clk 0:13:23]} Rf1
{[%clk 0:21:56]} 50. Rf6 {[%clk 0:13:12]} Rg1+ {[%clk 0:22:23]} 51. Kf5
{[%clk 0:13:36]} Rf1+ {[%clk 0:22:50]} 52. Kg6 {[%clk 0:14:02]} Rg1+
{[%clk 0:23:17]} 53. Kf5 {[%clk 0:14:27]} 1/2-1/2

[Event "World Chess Olympiad 2018"]
[Site "Batumi"]
[Date "2018.09.28"]
[Round "5"]
[Board "3"]
[WhiteFideId "13611860"]
[White "Kacharava Nikolozi"]
[BlackFideId "13800337"]
[Black "Abdyjapar Asyl"]
[Result "0-1"]
[LiveChessVersion "1.4.8"]
[BlackElo "2372"]
[WhiteElo "2373"]

1. e4 {[%clk 1:30:46]} c5 {[%clk 1:30:56]} 2. Nf3 {[%clk 1:30:52]} d6
{[%clk 1:31:21]} 3. d4 {[%clk 1:30:56]} cxd4 {[%clk 1:31:47]} 4. Qxd4
{[%clk 1:31:00]} Nf6 {[%clk 1:32:12]} 5. Nc3 {[%clk 1:30:51]} Nc6
{[%clk 1:32:16]} 6. Bb5 {[%clk 1:30:39]} e5 {[%clk 1:32:32]} 7. Qd3
{[%clk 1:29:18]} Be7 {[%clk 1:32:36]} 8. Bg5 {[%clk 1:26:58]} O-O
{[%clk 1:32:59]} 9. O-O-O {[%clk 1:21:25]} Be6 {[%clk 1:33:02]} 10. Bc4
{[%clk 1:12:01]} Ng4 {[%clk 1:19:44]} 11. Bxe7 {[%clk 1:08:36]} Qxe7
{[%clk 1:20:06]} 12. Rd2 {[%clk 1:00:21]} Nb4 {[%clk 1:19:44]} 13. Qe2
{[%clk 0:58:09]} Rac8 {[%clk 1:18:53]} 14. Nd5 {[%clk 0:55:22]} Bxd5
{[%clk 1:10:10]} 15. Bxd5 {[%clk 0:54:55]} Nxd5 {[%clk 1:10:26]} 16. Rxd5
{[%clk 0:54:25]} Nf6 {[%clk 1:10:51]} 17. Rd3 {[%clk 0:50:06]} d5
{[%clk 1:09:05]} 18. exd5 {[%clk 0:47:28]} e4 {[%clk 1:09:27]} 19. Rd2
{[%clk 0:44:03]} Qd6 {[%clk 1:04:43]} 20. Ng5 {[%clk 0:35:52]} Qe5
{[%clk 1:04:19]} 21. Qe3 {[%clk 0:27:12]} h6 {[%clk 0:49:04]} 22. Nh3
{[%clk 0:24:52]} Nxd5 {[%clk 0:47:35]} 23. Qd4 {[%clk 0:21:09]} Qxd4
{[%clk 0:47:47]} 24. Rxd4 {[%clk 0:21:31]} Nf6 {[%clk 0:48:16]} 25. Re1
{[%clk 0:17:58]} Rc5 {[%clk 0:48:24]} 26. Ng1 {[%clk 0:14:45]} Rg5
{[%clk 0:46:48]} 27. g3 {[%clk 0:14:27]} Rf5 {[%clk 0:47:11]} 28. Rd2
{[%clk 0:14:03]} Rc8 {[%clk 0:46:59]} 29. Re3 {[%clk 0:13:11]} Re8
{[%clk 0:44:19]} 30. f3 {[%clk 0:11:44]} g5 {[%clk 0:43:55]} 31. fxe4
{[%clk 0:09:44]} Nxe4 {[%clk 0:43:14]} 32. Rde2 {[%clk 0:08:42]} Rf1+
{[%clk 0:43:30]} 33. Re1 {[%clk 0:09:09]} Rxe1+ {[%clk 0:43:50]} 34. Rxe1
{[%clk 0:09:33]} f5 {[%clk 0:44:16]} 35. Nf3 {[%clk 0:09:14]} Kf7
{[%clk 0:44:19]} 36. Re2 {[%clk 0:01:18]} Kf6 {[%clk 0:44:02]} 37. Nd2
{[%clk 0:01:18]} Nd6 {[%clk 0:44:16]} 38. Rxe8 {[%clk 0:01:25]} Nxe8
{[%clk 0:44:42]} 39. Kd1 {[%clk 0:01:29]} Nd6 {[%clk 0:44:48]} 40. Ke2
{[%clk 0:31:34]} Ke5 {[%clk 1:14:15]} 41. Ke3 {[%clk 0:20:50]} f4+
{[%clk 1:14:09]} 42. gxf4+ {[%clk 0:20:58]} gxf4+ {[%clk 1:14:34]} 43. Kf3
{[%clk 0:21:02]} Kf5 {[%clk 1:14:50]} 44. a4 {[%clk 0:16:32]} Nf7
{[%clk 1:13:46]} 45. Nc4 {[%clk 0:15:39]} Ng5+ {[%clk 1:11:27]} 46. Kf2
{[%clk 0:14:14]} b6 {[%clk 1:09:21]} 47. b4 {[%clk 0:12:46]} Ke6 {[%clk 1:07:47]}
48. a5 {[%clk 0:12:07]} bxa5 {[%clk 1:07:18]} 49. Nxa5 {[%clk 0:12:03]} Ne4+
{[%clk 1:04:53]} 50. Kf3 {[%clk 0:10:01]} Kf5 {[%clk 1:05:17]} 51. Nc6
{[%clk 0:07:53]} Ng5+ {[%clk 1:05:24]} 52. Kf2 {[%clk 0:07:30]} Ne4+
{[%clk 1:05:28]} 53. Kf3 {[%clk 0:07:29]} Ng5+ {[%clk 1:05:52]} 54. Kf2
{[%clk 0:07:27]} Ne4+ {[%clk 1:06:05]} 55. Ke2 {[%clk 0:05:23]} Kg4
{[%clk 1:04:36]} 56. Ne5+ {[%clk 0:04:43]} Kf5 {[%clk 1:05:00]} 57. Nc6
{[%clk 0:04:29]} Kg4 {[%clk 1:05:25]} 58. Ne5+ {[%clk 0:03:00]} Kf5
{[%clk 1:05:50]} 59. Nc6 {[%clk 0:01:48]} Kg4 {[%clk 1:04:16]} 60. Nxa7
{[%clk 0:01:28]} f3+ {[%clk 1:04:40]} 61. Kf1 {[%clk 0:01:49]} Kf4
{[%clk 1:04:49]} 62. Nc6 {[%clk 0:00:55]} Ke3 {[%clk 1:05:13]} 0-1

[Event "World Chess Olympiad 2018"]
[Site "Batumi"]
[Date "2018.09.28"]
[Round "5"]
[Board "4"]
[WhiteFideId "13800027"]
[White "Mamatov Melis"]
[BlackFideId "13602799"]
[Black "Sibashvili Giorgi"]
[Result "0-1"]
[LiveChessVersion "1.4.8"]
[BlackElo "2425"]
[WhiteElo "2196"]

1. e4 {[%clk 1:30:34]} e6 {[%clk 1:30:52]} 2. d4 {[%clk 1:30:32]} d5
{[%clk 1:31:13]} 3. Nd2 {[%clk 1:30:19]} Be7 {[%clk 1:31:36]} 4. Ngf3
{[%clk 1:29:56]} Nf6 {[%clk 1:31:47]} 5. Bd3 {[%clk 1:28:27]} c5 {[%clk 1:32:00]}
6. c3 {[%clk 1:20:17]} cxd4 {[%clk 1:29:19]} 7. Nxd4 {[%clk 1:16:59]} Nc6
{[%clk 1:25:35]} 8. N4f3 {[%clk 1:17:02]} dxe4 {[%clk 1:20:44]} 9. Nxe4
{[%clk 1:17:15]} Nxe4 {[%clk 1:21:05]} 10. Bxe4 {[%clk 1:17:43]} Qxd1+
{[%clk 1:20:44]} 11. Kxd1 {[%clk 1:18:11]} Bd7 {[%clk 1:16:27]} 12. Be3
{[%clk 1:10:37]} f5 {[%clk 1:15:17]} 13. Bxc6 {[%clk 0:57:51]} Bxc6
{[%clk 1:15:38]} 14. Nd4 {[%clk 0:57:48]} Bxg2 {[%clk 1:11:46]} 15. Rg1
{[%clk 0:57:23]} Bd5 {[%clk 1:11:36]} 16. Rxg7 {[%clk 0:56:21]} Bf6
{[%clk 1:11:48]} 17. Rg1 {[%clk 0:54:39]} O-O-O {[%clk 1:10:52]} 18. f4
{[%clk 0:49:57]} e5 {[%clk 1:09:13]} 19. fxe5 {[%clk 0:22:07]} Bxe5
{[%clk 1:09:27]} 20. Kd2 {[%clk 0:22:21]} Bxh2 {[%clk 1:05:02]} 21. Rgf1
{[%clk 0:22:46]} Be4 {[%clk 1:01:46]} 22. Bf4 {[%clk 0:23:06]} Rhg8
{[%clk 0:57:28]} 23. Rae1 {[%clk 0:22:01]} Bxf4+ {[%clk 0:39:10]} 24. Rxf4
{[%clk 0:22:19]} h5 {[%clk 0:38:45]} 25. Re2 {[%clk 0:10:05]} Rg4
{[%clk 0:37:43]} 26. Ref2 {[%clk 0:10:25]} h4 {[%clk 0:36:36]} 27. Ke3
{[%clk 0:09:20]} h3 {[%clk 0:25:38]} 28. Rh2 {[%clk 0:07:49]} Rg3+
{[%clk 0:25:00]} 29. Ke2 {[%clk 0:07:09]} Rg2+ {[%clk 0:15:22]} 30. Rf2
{[%clk 0:07:18]} Rxh2 {[%clk 0:15:22]} 31. Rxh2 {[%clk 0:07:45]} Rxd4
{[%clk 0:15:40]} 32. cxd4 {[%clk 0:07:42]} Bg2 {[%clk 0:16:05]} 33. Ke3
{[%clk 0:03:56]} Kd7 {[%clk 0:16:29]} 34. Kf4 {[%clk 0:02:26]} Kd6
{[%clk 0:16:53]} 35. Kxf5 {[%clk 0:02:36]} Kd5 {[%clk 0:17:18]} 36. a4
{[%clk 0:01:02]} Kxd4 {[%clk 0:17:14]} 37. Ke6 {[%clk 0:01:23]} Kc5
{[%clk 0:16:49]} 38. Kd7 {[%clk 0:00:48]} Kb4 {[%clk 0:16:54]} 39. Kc7
{[%clk 0:00:32]} Kxa4 {[%clk 0:16:35]} 40. Kb8 {[%clk 0:30:32]} a5
{[%clk 0:46:45]} 41. Ka7 {[%clk 0:26:22]} Kb4 {[%clk 0:41:16]} 42. Kb6
{[%clk 0:22:16]} a4 {[%clk 0:41:37]} 0-1

[Event "World Chess Olympiad 2018"]
[Site "Batumi"]
[Date "2018.09.28"]
[Round "5"]
[Board "2"]
[WhiteFideId "800090"]
[White "Godena Michele"]
[BlackFideId "404853"]
[Black "McShane Luke J"]
[Result "1/2-1/2"]
[LiveChessVersion "1.4.8"]
[BlackElo "2672"]
[WhiteElo "2501"]

1. e4 {[%clk 1:30:56]} e6 {[%clk 1:30:55]} 2. d4 {[%clk 1:31:16]} d5
{[%clk 1:31:21]} 3. Nd2 {[%clk 1:31:33]} c5 {[%clk 1:31:46]} 4. Ngf3
{[%clk 1:25:47]} cxd4 {[%clk 1:32:09]} 5. Nxd4 {[%clk 1:25:57]} Nc6
{[%clk 1:32:34]} 6. Bb5 {[%clk 1:26:16]} Bd7 {[%clk 1:33:00]} 7. Nxc6
{[%clk 1:26:25]} bxc6 {[%clk 1:33:27]} 8. Bd3 {[%clk 1:26:44]} Qc7
{[%clk 1:33:52]} 9. Qe2 {[%clk 1:21:37]} Bd6 {[%clk 1:34:13]} 10. Nf3
{[%clk 1:15:20]} dxe4 {[%clk 1:34:37]} 11. Qxe4 {[%clk 1:08:06]} Nf6
{[%clk 1:35:01]} 12. Qh4 {[%clk 1:07:27]} h6 {[%clk 1:35:25]} 13. Nd2
{[%clk 0:31:23]} g5 {[%clk 1:22:41]} 14. Qh3 {[%clk 0:23:54]} c5 {[%clk 1:21:07]}
15. Nc4 {[%clk 0:17:48]} Bf4 {[%clk 1:21:05]} 16. Bxf4 {[%clk 0:15:26]} Qxf4
{[%clk 1:19:42]} 17. Qe3 {[%clk 0:13:58]} Qxe3+ {[%clk 1:18:51]} 18. Nxe3
{[%clk 0:09:46]} Ke7 {[%clk 1:14:55]} 19. O-O-O {[%clk 0:09:50]} Bc6
{[%clk 1:13:39]} 20. Rhe1 {[%clk 0:08:14]} h5 {[%clk 1:13:02]} 21. Bc4
{[%clk 0:06:49]} Rhd8 {[%clk 1:03:00]} 22. h3 {[%clk 0:05:21]} h4
{[%clk 1:00:14]} 23. Rxd8 {[%clk 0:03:56]} Rxd8 {[%clk 1:00:25]} 24. Rd1
{[%clk 0:03:29]} Rc8 {[%clk 0:30:37]} 25. Be2 {[%clk 0:01:22]} Ne4
{[%clk 0:29:56]} 26. f3 {[%clk 0:01:18]} Ng3 {[%clk 0:29:56]} 27. Ba6
{[%clk 0:00:44]} Rb8 {[%clk 0:29:44]} 28. b3 {[%clk 0:00:47]} Nh5
{[%clk 0:29:34]} 29. Kd2 {[%clk 0:00:58]} Nf4 {[%clk 0:28:11]} 30. Ke1
{[%clk 0:01:12]} f6 {[%clk 0:26:09]} 31. Kf2 {[%clk 0:01:27]} Be8
{[%clk 0:26:19]} 32. a4 {[%clk 0:01:05]} Rb6 {[%clk 0:25:45]} 33. Bf1
{[%clk 0:01:10]} Bg6 {[%clk 0:23:57]} 34. Ra1 {[%clk 0:00:39]} Rd6
{[%clk 0:23:09]} 35. Ke1 {[%clk 0:01:03]} e5 {[%clk 0:21:37]} 36. a5
{[%clk 0:01:12]} e4 {[%clk 0:21:27]} 37. fxe4 {[%clk 0:01:30]} Bxe4
{[%clk 0:21:53]} 38. a6 {[%clk 0:00:42]} f5 {[%clk 0:20:52]} 39. Ra5
{[%clk 0:00:55]} Ne6 {[%clk 0:14:11]} 40. b4 {[%clk 0:30:39]} cxb4
{[%clk 0:30:45]} 41. Nxf5+ {[%clk 0:27:34]} Bxf5 {[%clk 0:29:18]} 42. Rxf5
{[%clk 0:28:01]} Rc6 {[%clk 0:22:14]} 43. Rb5 {[%clk 0:21:45]} Rxc2
{[%clk 0:17:55]} 44. Rxb4 {[%clk 0:21:56]} Nf4 {[%clk 0:17:12]} 45. Rb7+
{[%clk 0:21:37]} Kf6 {[%clk 0:17:21]} 46. Rxa7 {[%clk 0:21:36]} 1/2-1/2

[Event "World Chess Olympiad 2018"]
[Site "Batumi"]
[Date "2018.09.28"]
[Round "5"]
[Board "3"]
[WhiteFideId "410608"]
[White "Howell David W L"]
[BlackFideId "813613"]
[Black "Brunello Sabino"]
[Result "1-0"]
[LiveChessVersion "1.4.8"]
[BlackElo "2552"]
[WhiteElo "2689"]

1. Nf3 {[%clk 1:30:43]} d5 {[%clk 1:30:39]} 2. g3 {[%clk 1:30:51]} Bg4
{[%clk 1:31:00]} 3. Bg2 {[%clk 1:31:05]} Nd7 {[%clk 1:30:02]} 4. h3
{[%clk 1:23:57]} Bh5 {[%clk 1:30:11]} 5. O-O {[%clk 1:23:50]} c6 {[%clk 1:24:39]}
6. d3 {[%clk 1:23:29]} Ngf6 {[%clk 1:23:52]} 7. Qe1 {[%clk 1:22:54]} e5
{[%clk 1:20:20]} 8. e4 {[%clk 1:23:12]} Bd6 {[%clk 1:20:46]} 9. exd5
{[%clk 1:08:08]} Nxd5 {[%clk 1:20:57]} 10. Nxe5 {[%clk 0:51:29]} Nxe5
{[%clk 1:21:13]} 11. d4 {[%clk 0:51:31]} O-O {[%clk 1:21:12]} 12. dxe5
{[%clk 0:51:55]} Re8 {[%clk 1:21:16]} 13. f4 {[%clk 0:52:13]} f6 {[%clk 1:21:32]}
14. Nd2 {[%clk 0:32:00]} fxe5 {[%clk 0:53:35]} 15. f5 {[%clk 0:28:02]} e4
{[%clk 0:53:13]} 16. Nxe4 {[%clk 0:12:49]} Nf6 {[%clk 0:52:51]} 17. Bg5
{[%clk 0:06:33]} Qb6+ {[%clk 0:52:35]} 18. Be3 {[%clk 0:06:57]} Rxe4
{[%clk 0:52:07]} 19. Bxe4 {[%clk 0:06:00]} Bc5 {[%clk 0:51:26]} 20. Bxc5
{[%clk 0:06:18]} Qxc5+ {[%clk 0:51:54]} 21. Qf2 {[%clk 0:06:34]} Qxf2+
{[%clk 0:50:21]} 22. Rxf2 {[%clk 0:00:33]} Nxe4 {[%clk 0:50:46]} 23. Rf4
{[%clk 0:00:58]} Ng5 {[%clk 0:39:48]} 24. Kh2 {[%clk 0:01:08]} Re8
{[%clk 0:31:54]} 25. g4 {[%clk 0:01:35]} Re2+ {[%clk 0:31:41]} 26. Kg3
{[%clk 0:01:59]} Be8 {[%clk 0:10:54]} 27. h4 {[%clk 0:01:13]} Nf7
{[%clk 0:11:21]} 28. Rd1 {[%clk 0:00:43]} h6 {[%clk 0:05:48]} 29. Rf2
{[%clk 0:01:11]} Re7 {[%clk 0:03:52]} 30. Rd4 {[%clk 0:00:32]} c5
{[%clk 0:03:43]} 31. Rdd2 {[%clk 0:00:58]} Bc6 {[%clk 0:02:28]} 32. Rfe2
{[%clk 0:01:07]} Kf8 {[%clk 0:02:08]} 33. Kf4 {[%clk 0:01:33]} Rxe2
{[%clk 0:02:04]} 34. Rxe2 {[%clk 0:02:02]} Nd6 {[%clk 0:02:12]} 35. c3
{[%clk 0:00:37]} Kf7 {[%clk 0:00:35]} 36. g5 {[%clk 0:00:42]} hxg5+
{[%clk 0:01:01]} 37. hxg5 {[%clk 0:01:08]} Bd7 {[%clk 0:00:50]} 38. g6+
{[%clk 0:01:23]} Kf6 {[%clk 0:00:33]} 39. Rd2 {[%clk 0:01:48]} Ke7
{[%clk 0:00:55]} 40. f6+ {[%clk 0:31:43]} gxf6 {[%clk 0:31:14]} 41. g7
{[%clk 0:32:05]} Be6 {[%clk 0:31:23]} 42. Re2 {[%clk 0:32:30]} 1-0

[Event "World Chess Olympiad 2018"]
[Site "Batumi"]
[Date "2018.09.28"]
[Round "5"]
[Board "4"]
[WhiteFideId "818860"]
[White "Valsecchi Alessio"]
[BlackFideId "403989"]
[Black "Pert Nicholas"]
[Result "1/2-1/2"]
[LiveChessVersion "1.4.8"]
[BlackElo "2549"]
[WhiteElo "2500"]

1. d4 {[%clk 1:30:55]} f5 {[%clk 1:30:48]} 2. c4 {[%clk 1:30:43]} Nf6
{[%clk 1:31:11]} 3. Nc3 {[%clk 1:30:56]} e6 {[%clk 1:30:48]} 4. e3
{[%clk 1:31:08]} Be7 {[%clk 1:26:09]} 5. Bd3 {[%clk 1:31:24]} O-O
{[%clk 1:25:55]} 6. Nge2 {[%clk 1:30:35]} d6 {[%clk 1:25:31]} 7. Qc2
{[%clk 1:30:42]} Nc6 {[%clk 1:20:33]} 8. a3 {[%clk 1:28:33]} g6 {[%clk 1:11:08]}
9. b4 {[%clk 1:03:11]} e5 {[%clk 1:09:10]} 10. f3 {[%clk 1:03:27]} a5
{[%clk 0:51:42]} 11. b5 {[%clk 1:03:26]} Nb8 {[%clk 0:52:06]} 12. O-O
{[%clk 1:02:00]} Be6 {[%clk 0:50:24]} 13. e4 {[%clk 0:59:35]} f4 {[%clk 0:49:21]}
14. Nd5 {[%clk 0:55:36]} Nbd7 {[%clk 0:45:30]} 15. Bb2 {[%clk 0:55:37]} Nxd5
{[%clk 0:19:16]} 16. cxd5 {[%clk 0:50:49]} Bf7 {[%clk 0:19:44]} 17. Rac1
{[%clk 0:50:02]} Rc8 {[%clk 0:20:11]} 18. g3 {[%clk 0:42:59]} g5 {[%clk 0:20:35]}
19. Rf2 {[%clk 0:33:30]} Bh5 {[%clk 0:20:35]} 20. b6 {[%clk 0:26:38]} c5
{[%clk 0:15:22]} 21. dxe5 {[%clk 0:26:11]} Nxe5 {[%clk 0:11:24]} 22. Bxe5
{[%clk 0:24:40]} dxe5 {[%clk 0:11:52]} 23. Bc4 {[%clk 0:24:59]} Qd6
{[%clk 0:11:29]} 24. g4 {[%clk 0:24:42]} Be8 {[%clk 0:11:48]} 25. Rb1
{[%clk 0:24:01]} Bd8 {[%clk 0:10:45]} 26. Qb2 {[%clk 0:23:12]} h5
{[%clk 0:10:38]} 27. h3 {[%clk 0:23:26]} Kg7 {[%clk 0:10:29]} 28. Nc1
{[%clk 0:23:17]} Rh8 {[%clk 0:10:07]} 29. Nd3 {[%clk 0:22:57]} Bf6
{[%clk 0:09:58]} 30. Rh2 {[%clk 0:21:34]} Rh6 {[%clk 0:10:19]} 31. Qc3
{[%clk 0:19:52]} a4 {[%clk 0:09:57]} 32. Qa5 {[%clk 0:14:47]} Bd7
{[%clk 0:09:07]} 33. Rbb2 {[%clk 0:12:30]} Bd8 {[%clk 0:07:38]} 34. Qc3
{[%clk 0:12:37]} Bf6 {[%clk 0:07:17]} 35. Qa5 {[%clk 0:12:58]} Bd8
{[%clk 0:07:40]} 36. Qc3 {[%clk 0:12:54]} Bf6 {[%clk 0:08:06]} 37. h4
{[%clk 0:07:17]} gxh4 {[%clk 0:02:16]} 38. g5 {[%clk 0:07:40]} Rg6
{[%clk 0:01:51]} 39. Rbg2 {[%clk 0:06:57]} Rxg5 {[%clk 0:01:37]} 40. Rxg5+
{[%clk 0:36:31]} Bxg5 {[%clk 0:32:05]} 41. Qxe5+ {[%clk 0:27:36]} Qxe5
{[%clk 0:29:05]} 42. Nxe5 {[%clk 0:28:03]} Be8 {[%clk 0:25:47]} 43. d6
{[%clk 0:26:14]} Rd8 {[%clk 0:24:35]} 44. Rg2 {[%clk 0:25:45]} Kf6
{[%clk 0:22:00]} 45. Nd3 {[%clk 0:25:07]} h3 {[%clk 0:17:16]} 46. e5+
{[%clk 0:24:07]} Kf5 {[%clk 0:16:07]} 47. Be6+ {[%clk 0:22:39]} Kxe6
{[%clk 0:15:45]} 48. Rxg5 {[%clk 0:23:06]} c4 {[%clk 0:15:38]} 49. Nxf4+
{[%clk 0:19:20]} Kd7 {[%clk 0:13:56]} 50. Rg7+ {[%clk 0:17:57]} Kc6
{[%clk 0:14:19]} 51. Rc7+ {[%clk 0:16:43]} Kxb6 {[%clk 0:14:10]} 52. Ne6
{[%clk 0:15:37]} Bc6 {[%clk 0:11:41]} 53. Kh2 {[%clk 0:09:35]} c3
{[%clk 0:09:15]} 54. Nd4 {[%clk 0:09:58]} Kc5 {[%clk 0:09:15]} 55. Ne6+
{[%clk 0:06:30]} Kb6 {[%clk 0:09:20]} 56. Nd4 {[%clk 0:06:30]} Kc5
{[%clk 0:09:20]} 57. Ne6+ {[%clk 0:06:30]} Kb6 {[%clk 0:09:20]} 58. Nd4
{[%clk 0:06:30]} 1/2-1/2

[Event "World Chess Olympiad 2018"]
[Site "Batumi"]
[Date "2018.09.28"]
[Round "5"]
[Board "1"]
[WhiteFideId "14403803"]
[White "Kadric Denis"]
[BlackFideId "3609677"]
[Black "Barros Rivadeneira Cristhian"]
[Result "1-0"]
[LiveChessVersion "1.4.8"]
[BlackElo "2345"]
[WhiteElo "2543"]

1. Nc3 {[%clk 1:30:58]} c5 {[%clk 1:30:33]} 2. e4 {[%clk 1:31:23]} Nc6
{[%clk 1:30:48]} 3. Bb5 {[%clk 1:31:48]} Nd4 {[%clk 1:29:38]} 4. Nf3
{[%clk 1:32:15]} g6 {[%clk 1:29:57]} 5. Bc4 {[%clk 1:32:10]} Bg7 {[%clk 1:29:25]}
6. Nxd4 {[%clk 1:32:36]} cxd4 {[%clk 1:29:42]} 7. Qf3 {[%clk 1:33:05]} Nh6
{[%clk 1:13:05]} 8. Ne2 {[%clk 1:33:27]} O-O {[%clk 1:11:36]} 9. d3
{[%clk 1:32:46]} d6 {[%clk 1:05:03]} 10. Qg3 {[%clk 1:24:11]} Ng4
{[%clk 0:58:22]} 11. Bb3 {[%clk 1:20:33]} Be5 {[%clk 0:46:06]} 12. f4
{[%clk 1:18:12]} Bg7 {[%clk 0:46:24]} 13. h3 {[%clk 1:11:27]} Nf6
{[%clk 0:41:55]} 14. Qf2 {[%clk 1:05:49]} a5 {[%clk 0:28:55]} 15. a3
{[%clk 1:03:03]} e5 {[%clk 0:28:25]} 16. c3 {[%clk 0:42:52]} dxc3
{[%clk 0:26:16]} 17. bxc3 {[%clk 0:43:05]} exf4 {[%clk 0:18:12]} 18. Bxf4
{[%clk 0:42:04]} Be6 {[%clk 0:17:31]} 19. Bc2 {[%clk 0:31:06]} d5
{[%clk 0:14:09]} 20. e5 {[%clk 0:30:32]} Nd7 {[%clk 0:06:41]} 21. Qe3
{[%clk 0:30:27]} Qc7 {[%clk 0:06:07]} 22. d4 {[%clk 0:30:33]} b5 {[%clk 0:04:05]}
23. O-O {[%clk 0:30:35]} b4 {[%clk 0:04:04]} 24. Bh6 {[%clk 0:27:29]} bxc3
{[%clk 0:02:09]} 25. Rac1 {[%clk 0:25:36]} f5 {[%clk 0:00:56]} 26. Bxg7
{[%clk 0:24:32]} Kxg7 {[%clk 0:01:24]} 27. Nf4 {[%clk 0:24:56]} Bg8
{[%clk 0:01:17]} 28. Bb3 {[%clk 0:24:46]} Rfc8 {[%clk 0:00:57]} 29. Bxd5
{[%clk 0:24:18]} Bxd5 {[%clk 0:01:01]} 30. Nxd5 {[%clk 0:24:45]} Qc4
{[%clk 0:01:20]} 31. Ne7 {[%clk 0:22:24]} Nb6 {[%clk 0:00:34]} 32. e6
{[%clk 0:20:45]} Kf6 {[%clk 0:00:32]} 33. Nxc8 {[%clk 0:20:20]} Rxc8
{[%clk 0:00:58]} 34. Qe5+ {[%clk 0:20:49]} Ke7 {[%clk 0:01:25]} 35. Rfe1
{[%clk 0:20:35]} Rg8 {[%clk 0:01:21]} 36. Rb1 {[%clk 0:17:43]} Qc6
{[%clk 0:01:28]} 37. Qxa5 {[%clk 0:17:21]} Nd5 {[%clk 0:01:19]} 38. Rb5
{[%clk 0:15:40]} Nf4 {[%clk 0:00:46]} 39. d5 {[%clk 0:16:01]} Qc4
{[%clk 0:00:40]} 40. Rb4 {[%clk 0:44:52]} 1-0